| 000 | 00505nam a2200217Ia 4500 | ||
|---|---|---|---|
| 003 | 0100 | ||
| 008 | 130303s9999 xx 000 0 und d | ||
| 020 | _a691043191 | ||
| 040 | _cARRUPELIB | ||
| 050 | _aHB72.Y681994 | ||
| 100 | _aYoung, H. Peyton, 1945- | ||
| 245 | _aEquity | ||
| 245 | _bin the theory and practice | ||
| 260 | _aPrinceton | ||
| 260 | _bPrinceton University Press | ||
| 260 | _C1994 | ||
| 300 | _axiii | ||
| 300 | _b 238p. 25cm. | ||
| 700 | _aH. Peyton Young | ||
| 942 | 0 | 0 | _01 |
| 999 |
_c12024 _d12024 |
||